| 000 | 01151nam a2200277 a 4500 | ||
|---|---|---|---|
| 001 | 24724 | ||
| 003 | CO-ViMGA | ||
| 005 | 20230915232015.0 | ||
| 008 | 141112s2004 ck r 000 u spa d | ||
| 020 | _a9788498353020 | ||
| 040 |
_aCO-ViMGA _bspa _cCO-ViMGA |
||
| 041 | _aspa | ||
| 082 | 0 | 4 | _a618.9261 A76n |
| 110 |
_aAsociación Española de Nefrología Pediátrica. _936884 |
||
| 245 | 1 | 0 |
_aNefrología pediátrica : _bmanual práctico / _cAsociación Española de Nefrología Pediátrica ; coordinadores Montserrat Antón Gamero, Luis Miguel Rodríguez Fernández. |
| 260 |
_aMadrid : _bEditorial Médica PanAméricana, _c2010. |
||
| 300 | _axii, 428 p. : il. ; 28 cm. | ||
| 504 | _aIncluye bilbiografías e índice. | ||
| 650 | 1 | 4 |
_aEnfermedades renales en lactantes y niñez _936885 |
| 650 | 1 | 4 |
_aInsuficiencia renal - niños _936886 |
| 650 | 1 | 4 |
_aNefrología pediátrica. _936887 |
| 700 | 1 |
_aAntón Gamero, Montserrat, coord. _936888 |
|
| 852 | _17.648.30 | ||
| 942 |
_2ddc _cBK |
||
| 949 | _an n | ||
| 999 |
_c32528 _d32528 |
||